[Event "CZE-ch U16"]
[Site "Sec u Chrudimi"]
[Date "2007.10.27"]
[Round "9"]
[White "Felcman, Tomas"]
[Black "Skorvagova, Martina"]
[Result "0-1"]
[WhiteElo "1737"]
[BlackElo "1527"]
[PlyCount "86"]
[EventDate "2007.10.20"]
[EventType "swiss"]
[EventRounds "9"]
[EventCountry "CZE"]
[SourceTitle "EXT 2022"]
[Source "ChessBase"]
[SourceDate "2021.10.06"]
[SourceVersion "1"]
[SourceVersionDate "2021.10.06"]
[SourceQuality "1"]

1. d4 Nf6 2. c4 g6 3. Nf3 Bg7 4. Nc3 0-0 5. e4 d6 6. Be3 Bg4 7. h3 Bxf3 8. Qxf3 e5 9. d5 Nh5 10. Qd1 Nf4 11. g3 Nh5 12. Be2 Nf6 13. b4 Nfd7 14. Rc1 b6 15. 0-0 f5 16. Kh2 f4 17. Bd2 Na6 18. a3 c5 19. Rb1 Rf7 20. Bg4 Kh8 21. Be6 Rf6 22. Bxd7 Qxd7 23. b5 Nc7 24. a4 Raf8 25. g4 f3 26. a5 h5 27. g5 R6f7 28. axb6 axb6 29. Ra1 Qd8 30. Ra7 Bh6 31. Qc1 Rf4 32. gxh6 Qh4 33. Bxf4 Rxf4 34. Rxc7 Rg4 35. Rc8+ Kh7 36. Rc7+ Kg8 37. Rc8+ Kf7 38. Rc7+ Ke8 39. Rg1 Qxf2+ 40. Kh1 Rg2 41. Re7+ Kd8 42. Re8+ Kxe8 43. Qf4 Qxg1# 0-1

[Event "CZE-ch U16"]
[Site "Sec u Chrudimi"]
[Date "2007.10.25"]
[Round "7"]
[White "Felcman, Tomas"]
[Black "Kovar, Jan1111"]
[Result "1/2-1/2"]
[WhiteElo "1737"]
[BlackElo "1784"]
[PlyCount "35"]
[EventDate "2007.10.20"]
[EventType "swiss"]
[EventRounds "9"]
[EventCountry "CZE"]
[SourceTitle "EXT 2022"]
[Source "ChessBase"]
[SourceDate "2021.10.06"]
[SourceVersion "1"]
[SourceVersionDate "2021.10.06"]
[SourceQuality "1"]

1. d4 d5 2. c4 e6 3. Nc3 Nf6 4. Bg5 Be7 5. e3 Nc6 6. Nf3 0-0 7. Bd3 dxc4 8. Bxc4 Nd5 9. Bxe7 Ncxe7 10. 0-0 Nxc3 11. bxc3 Nd5 12. Qc2 b6 13. Bb5 Bb7 14. Be2 Qe7 15. c4 Nf6 16. Qb3 c5 17. Rfd1 Rfd8 18. Rac1 1/2-1/2

[Event "CZE-ch U16"]
[Site "Sec u Chrudimi"]
[Date "2007.10.24"]
[Round "6"]
[White "Felcman, Tomas"]
[Black "Nguyen, Martin"]
[Result "1-0"]
[WhiteElo "1737"]
[BlackElo "1542"]
[PlyCount "45"]
[EventDate "2007.10.20"]
[EventType "swiss"]
[EventRounds "9"]
[EventCountry "CZE"]
[SourceTitle "EXT 2022"]
[Source "ChessBase"]
[SourceDate "2021.10.06"]
[SourceVersion "1"]
[SourceVersionDate "2021.10.06"]
[SourceQuality "1"]

1. d4 Nf6 2. c4 g6 3. Nf3 Bg7 4. Nc3 d6 5. e4 0-0 6. Be3 e5 7. h3 Nc6 8. d5 Ne7 9. b4 Ne8 10. Nd2 f5 11. f3 fxe4 12. fxe4 Nf6 13. Be2 Nfxd5 14. cxd5 Nxd5 15. Qb3 Qh4+ 16. Kd1 c6 17. exd5 cxd5 18. Qxd5+ Kh8 19. Nce4 Bf5 20. Nxd6 Qxb4 21. Nf7+ Rxf7 22. Qxf7 e4 23. Rb1 1-0